[Event "45th Olympiad 2024"]
[Site "Budapest HUN"]
[Date "2024.09.20"]
[Round "9.71"]
[Board "3"]
[White "Marochkina, Nadezhda Valerevna"]
[Black "Oluka Robert Mcligeyo"]
[Result "0-1"]
[WhiteElo "1792"]
[BlackElo "1990"]
[PlyCount "46"]
[EventDate "2024.09.11"]
[WhiteTeam "Senegal"]
[BlackTeam "Kenya"]
[WhiteTeamCountry "SEN"]
[BlackTeamCountry "KEN"]

1. d4 Nf6 2. c4 e6 3. Bg5 d5 4. e3 Bb4+ 5. Nc3 Nbd7 6. Nf3 c5 7. cxd5 exd5 8. Qb3 ({RR} 8. Be2 Bxc3+ 9. bxc3 Qa5 10. O-O c4 11. Nd2 O-O 12. Qc2 Re8 13. Bh4 Ne4 14. Nxe4 Rxe4 15. Bg3 Re8 16. Rfb1 Nf6 17. Rb4 Ne4 18. Qb2 b6 19. Be5 f6 20. Bf4 g5 21. Bg3 Bd7 22. a4 Re7 {½-½ Wang,Y (2697)-Tomashevsky,E (2733) RUS-CHN Summit 8th Rapid 2012 (1)}) ({RR} 8. Be2 c4 9. O-O Qa5 10. Qc2 O-O 11. Bh4 Re8 12. a3 Bxc3 13. bxc3 Ne4 14. Rfc1 Nb6 15. Nd2 Bf5 16. Nxe4 Bxe4 17. Qd1 Qa4 18. Qxa4 Nxa4 19. Bf3 Bxf3 20. gxf3 b5 21. Rab1 a6 22. Bg3 f6 {0-1 Baraeva,I (2223)-Komov,R (2220) Titled Tue 26th Mar Early 2024 (1)}) 8... Qa5 9. Bxf6 Nxf6 10. Bb5+ $146 ({RR} 10. dxc5 Bd7 11. a3 Bxc3+ 12. Qxc3 Qxc3+ 13. bxc3 Rc8 14. Rb1 Rc7 15. Bb5 Ke7 16. Bxd7 Nxd7 17. c6 bxc6 18. O-O Rb8 19. Rxb8 Nxb8 20. Rb1 Nd7 21. Nd2 Nc5 {½-½ Khazhomia,S (2143)-Batsiashvili,N (2434) Baku op 2012 (7)}) ({RR} 10. a3 Bxc3+ 11. Qxc3 Qxc3+ 12. bxc3 c4 13. Nd2 O-O 14. f3 Re8 15. Kf2 Bd7 16. g3 Bc6 17. Bg2 b5 18. Rhe1 Nd7 19. e4 Nb6 20. exd5 Bxd5 21. Rxe8+ Rxe8 22. Re1 Rxe1 23. Kxe1 Na4 24. Nb1 Be6 {0-1 Sibajeva,M (1917)-Brazdzionis,A (2132) Palanga op 2015 (6)}) ({RR} 10. dxc5 O-O 11. Nd2 Qxc5 12. Rc1 d4 13. exd4 Re8+ 14. Be2 Qxd4 15. Qc4 Qxc4 16. Nxc4 Nd5 17. Kf1 Nxc3 18. bxc3 Bc5 19. Nd2 Be6 20. Nb3 Bxb3 21. axb3 Rad8 22. Rc2 Re7 23. h4 Red7 24. Rh3 Rd2 {½-½ Castrillon Gomez,M (2245)-Flajsman,P (1917) Pardubice op rapid 30th 2019 (6)}) 10... Qxb5 11. a3 Bxc3+ 12. Qxc3 Ne4 13. Qc2 O-O 14. Rc1 Bf5 15. dxc5 Ng3 16. Nd4 Bxc2 17. Nxb5 Bd3 18. Nc7 Nxh1 19. Nxa8 Rxa8 20. Rd1 Bc4 21. Rd4 a5 22. e4 Re8 23. f3 f5 0-1

[Event "45th Olympiad 2024"]
[Site "Budapest HUN"]
[Date "2024.09.20"]
[Round "9.71"]
[Board "4"]
[White "Wanasunia, Elvis Likoko"]
[Black "Cisse, Amadou Lamine"]
[Result "1-0"]
[WhiteElo "1942"]
[BlackElo "1948"]
[PlyCount "101"]
[EventDate "2024.09.11"]
[WhiteTeam "Kenya"]
[BlackTeam "Senegal"]
[WhiteTeamCountry "KEN"]
[BlackTeamCountry "SEN"]

1. e4 a6 2. d4 e6 3. Nf3 d5 4. e5 c5 5. c3 Qb6 6. a3 ({RR} 6. Bd3 Nc6 7. dxc5 Bxc5 8. O-O h6 9. Nbd2 g5 10. Nb3 Bf8 11. c4 Nge7 12. Be3 Qd8 13. Qe2 Bg7 14. Rad1 Qc7 15. cxd5 exd5 16. Bc5 g4 17. Nfd4 Bxe5 18. g3 b6 19. Nxc6 Nxc6 20. Ba3 b5 {1-0 Spasov,V (2590)-Varga,Z (2530) Budapest zt 1.4 2000 (6)}) 6... Bd7 7. dxc5 $146 ({RR} 7. b4 cxd4 8. cxd4 Bb5 9. Bxb5+ axb5 10. Bb2 Nd7 11. O-O Ne7 12. Nbd2 Nf5 13. g4 Nh6 14. h3 Qd8 15. Nb3 Nb6 16. Nc5 Bxc5 17. bxc5 Nc4 18. Bc3 O-O 19. Qb3 f5 20. g5 Nf7 21. h4 Qe8 {0-1 Santos Flores,A (2183)-Yeritsyan,H (2203) Titled Tue 9th Jan Early 2024 (10)}) ({RR} 7. b4 cxd4 8. cxd4 Ne7 9. Nc3 Nf5 10. Bb2 Be7 11. Na4 Bxa4 12. Qxa4+ Nc6 13. Rd1 O-O 14. Bd3 g6 15. Bb1 Na7 16. Bd3 Nb5 17. Bxb5 Qxb5 18. Qxb5 axb5 19. Rc1 Rfc8 20. Rxc8+ Rxc8 21. Kd2 Rc6 {½-½ Dgebuadze,A (2443)-Michalski,O (2251) 36th Geneva Open 2024 (3.1)}) 7... Bxc5 8. Qc2 Bb5 9. b4 Be7 10. Be3 Qc7 11. Bxb5+ axb5 12. Qe2 Qc4 13. Nd4 Nc6 14. Nxb5 Qxe2+ 15. Kxe2 Kd7 16. f4 h5 17. Nd2 Nh6 18. c4 Nf5 19. Bf2 f6 20. Rhd1 Rhc8 21. Ne4 Nxb4 22. exf6 gxf6 23. axb4 Rxa1 24. Rxa1 dxe4 25. c5 Rg8 26. g3 Kc6 27. Nc3 e3 28. Bxe3 Nxe3 29. Kxe3 f5 30. Rc1 Ra8 31. Kd3 Bf6 32. Kc4 Rd8 33. Rd1 b5+ 34. Kb3 Rxd1 35. Nxd1 Bd4 36. Kc2 Bg1 37. Nc3 Bd4 38. Kd3 Bf6 39. Nd1 Kd5 40. Ne3+ Kc6 41. Ng2 Bb2 42. Nh4 Ba3 43. Kc3 Bc1 44. Ng6 Be3 45. Ne5+ Kd5 46. Nf3 Bf2 47. Kd3 Bxc5 48. bxc5 Kxc5 49. Nd4 e5 50. fxe5 b4 51. e6 1-0

[Event "45th Olympiad 2024"]
[Site "Budapest HUN"]
[Date "2024.09.20"]
[Round "9.72"]
[Board "1"]
[White "Ndahangwapo, Heskiel"]
[Black "Khalema, Sechaba"]
[Result "1-0"]
[WhiteElo "2011"]
[BlackElo "1779"]
[PlyCount "93"]
[EventDate "2024.09.11"]
[WhiteTeam "Namibia"]
[BlackTeam "Lesotho"]
[WhiteTeamCountry "NAM"]
[BlackTeamCountry "LES"]

1. e4 e5 2. Nf3 Nc6 3. d4 exd4 4. Nxd4 Nf6 5. Nxc6 bxc6 6. e5 Qe7 7. Qe2 Nd5 8. c4 Ba6 9. b3 g6 10. g3 Bg7 11. Bb2 O-O-O 12. Bg2 Rde8 13. O-O Nb6 14. Re1 h5 15. Nd2 h4 16. a4 $146 ({RR} 16. Qg4 Kb8 17. a4 hxg3 18. hxg3 Qe6 19. Qxe6 Rxe6 20. a5 Nc8 21. Ne4 d6 22. Ng5 Re7 23. exd6 Rxe1+ 24. Rxe1 Bxb2 25. d7 Nd6 26. c5 Rd8 27. cxd6 Rxd7 28. Re7 Rxd6 29. Nxf7 Rd1+ 30. Kh2 Bb5 {1-0 Garcia,A (1802)-Pinillo Canon,S (1796) Central America Carribean-ch U20 Girls 2021 (9)}) 16... hxg3 17. hxg3 Qf8 18. Nf3 Kb8 19. Qd2 f6 20. a5 Nc8 21. Qxd7 Rd8 22. Qg4 f5 23. Qg5 Qe8 24. Nd4 Bb7 25. a6 Ba8 26. c5 Ne7 27. Qd2 Nd5 28. Rad1 f4 29. gxf4 Rh4 30. Re4 Bh6 31. Ne2 Qe7 32. Bd4 Kc8 33. Be3 Rh8 34. Ng3 Qe6 35. f5 Bxe3 36. Rxh4 Rxh4 37. fxe6 Bxd2 38. Rxd2 Kd8 39. Ne2 Ke7 40. Nd4 Rh8 41. Be4 Nb4 42. f4 Rf8 43. Rh2 Nd5 44. Rh7+ Kd8 45. Bxd5 Rxf4 46. e7+ Kd7 47. Nxc6 1-0

[Event "45th Olympiad 2024"]
[Site "Budapest HUN"]
[Date "2024.09.20"]
[Round "9.72"]
[Board "2"]
[White "Tsephe, Lebajoa"]
[Black "Eichab, Charles"]
[Result "1/2-1/2"]
[WhiteElo "1900"]
[BlackElo "2013"]
[PlyCount "129"]
[EventDate "2024.09.11"]
[WhiteTeam "Lesotho"]
[BlackTeam "Namibia"]
[WhiteTeamCountry "LES"]
[BlackTeamCountry "NAM"]

1. d4 Nf6 2. c4 e6 3. g3 c5 4. Nf3 cxd4 5. Nxd4 a6 6. Bg2 Qc7 7. O-O Be7 8. b3 O-O 9. Bb2 Nc6 10. Nc3 d6 11. Rc1 Nxd4 12. Qxd4 Rd8 13. Rfd1 Bd7 14. h3 Bc6 15. Nd5 Bxd5 16. cxd5 Qd7 17. dxe6 fxe6 18. Qb6 Rdb8 $146 ({RR} 18... d5 19. Rc7 Qd6 20. Qxb7 Rab8 21. Qc6 Rb6 22. Qxd6 Bxd6 23. Rc2 a5 24. Rdc1 Kf7 25. Rc6 Rxc6 26. Rxc6 Rd7 27. Bd4 Bb4 28. Ra6 Rc7 29. Ra7 Rxa7 30. Bxa7 e5 31. e3 Ke6 32. f4 e4 33. Bd4 {1-0 Barcza,G-Kremer,P Olympiad-11 Preliminaries D 1954 (6)}) ({RR} 18... Nd5 19. Bxd5 exd5 20. Rc7 Qe6 21. Qd4 Bf6 22. Rxg7+ Kxg7 {0-1 Duhayon,Y (2290)-Jourdain,J Virton Open-01 1984 (4)}) 19. Rc7 Qd8 20. Rxb7 Qxb6 21. Rxb6 Rxb6 22. Bxa8 d5 23. Rc1 Rb8 24. Bc6 Ne4 25. Bd7 Kf7 26. Rc8 Rxc8 27. Bxc8 a5 28. Ba6 Bd6 29. Bd3 Nf6 30. Bc3 Bb4 31. Bd4 Nd7 32. f4 g6 33. Kf2 e5 34. fxe5 Ke6 35. e3 Nxe5 36. Bf1 Nf7 37. Bb2 Nd6 38. Bd3 Nf7 39. h4 Ne5 40. Bf1 Bc5 41. Ke2 Nc6 42. a3 Kd6 43. Bg2 Ke6 44. Bf3 Ne5 45. Bg2 Nc6 46. Bh3+ Kd6 47. Bc8 d4 48. b4 axb4 49. axb4 Bxb4 50. exd4 Ne7 51. Bb7 Nf5 52. Kf2 Ba5 53. Be4 Bd2 54. Kf3 Be1 55. Ba3+ Ke6 56. d5+ Ke5 57. Bxf5 gxf5 58. d6 Ke6 59. Bc5 Bc3 60. Ba3 Be5 61. h5 Kd7 62. Bb4 Ke6 63. Bc5 Kd7 64. Ba3 Ke6 65. Bc5 1/2-1/2

[Event "45th Olympiad 2024"]
[Site "Budapest HUN"]
[Date "2024.09.20"]
[Round "9.72"]
[Board "3"]
[White "Schwarz, Bernhard"]
[Black "Karabo Mokete"]
[Result "1/2-1/2"]
[WhiteElo "1875"]
[BlackElo "1836"]
[PlyCount "99"]
[EventDate "2024.09.11"]
[WhiteTeam "Namibia"]
[BlackTeam "Lesotho"]
[WhiteTeamCountry "NAM"]
[BlackTeamCountry "LES"]

1. e4 c5 2. Nf3 d6 3. d4 cxd4 4. Nxd4 Nf6 5. Nc3 a6 6. h3 e5 7. Nf3 Be7 8. g4 h6 9. Rg1 b5 10. g5 hxg5 11. Nxg5 Bb7 12. Be3 Qc7 13. Qd2 Nbd7 14. Nd5 $146 ({RR} 14. O-O-O b4 15. Nd5 Nxd5 16. exd5 Nf6 17. Bg2 Bc8 18. Qxb4 Bf5 19. Qa4+ Bd7 20. Qb4 Rc8 21. Rd2 Rb8 22. Qa3 Rh4 23. f4 Nh5 24. Nf3 Rxf4 25. Bxf4 Nxf4 26. Bf1 g6 27. Qxa6 Bf6 28. c3 Ke7 {0-1 Soumya,S (2241)-Vaibhav,S (2594) ch-Commonwealth 2024 (2.1)}) ({RR} 14. O-O-O b4 15. Nd5 Nxd5 16. exd5 Nb6 17. Qxb4 Nxd5 18. Qb3 Rc8 19. c3 Bxg5 20. Bxg5 Nf6 21. Bxf6 gxf6 22. Bd3 Bf3 23. Rd2 Rb8 24. Qa3 Ke7 25. Rg3 Bd5 26. Bf5 Rb5 27. Rgd3 Ra5 28. Qb4 Rb8 {1-0 Kilic,E (2429)-Nurgaliyev,S (2262) Sardinia World Open A 2024 (2.34)}) ({RR} 14. O-O-O b4 15. Nd5 Nxd5 16. exd5 Nf6 17. Bg2 Bc8 18. Qxb4 Rb8 19. Qa3 Bf5 20. Rd2 O-O 21. Kb1 Rb5 22. b3 Rfb8 23. Ka1 a5 24. c4 Qxc4 25. Bf1 Qb4 26. Qxb4 Rxb4 27. Bc4 Nd7 28. f3 Nb6 {0-1 Nitish,B (2451)-Garifullina,L (2431) 7th Sharjah Challengers 2024 (8.2)}) 14... Bxd5 15. exd5 Qb7 16. O-O-O a5 17. Qd3 b4 18. Bg2 Qa6 19. Qf5 g6 20. Qf3 a4 21. Bf1 Qa5 22. Qg2 b3 23. cxb3 axb3 24. axb3 Nc5 25. Bxc5 Qxc5+ 26. Bc4 Nh5 27. Ne4 Qc7 28. Kc2 Nf4 29. Qf1 Rxh3 30. Rh1 Rh5 31. Ra1 Rxa1 32. Qxa1 f5 33. Rxh5 Nxh5 34. Qa8+ Kf7 35. Nc3 Qc5 36. Qh8 Qxf2+ 37. Kb1 Nf6 38. Nb5 Qe1+ 39. Kc2 Qe4+ 40. Bd3 Qg2+ 41. Kb1 e4 42. Bc4 f4 43. Nc7 Qg1+ 44. Kc2 Qf2+ 45. Kc1 f3 46. Ne6 Nh5 47. Bb5 Qe1+ 48. Kc2 Qf2+ 49. Kc1 Qe1+ 50. Kc2 1/2-1/2

[Event "45th Olympiad 2024"]
[Site "Budapest HUN"]
[Date "2024.09.20"]
[Round "9.72"]
[Board "4"]
[White "Motlomelo, Lihloela"]
[Black "Khoa, Goodwill"]
[Result "1-0"]
[WhiteElo "1696"]
[BlackElo "1890"]
[PlyCount "75"]
[EventDate "2024.09.11"]
[WhiteTeam "Lesotho"]
[BlackTeam "Namibia"]
[WhiteTeamCountry "LES"]
[BlackTeamCountry "NAM"]

1. e4 e5 2. Nf3 Nc6 3. Bb5 Nf6 4. O-O d6 5. d3 Be7 6. h3 O-O 7. Re1 ({RR} 7. c3 h6 8. a4 Nh7 9. Bc4 Be6 10. Bb3 Qd7 11. Nbd2 Nd8 12. Nc4 a6 13. Ne3 g6 14. d4 Bxb3 15. Qxb3 b5 16. dxe5 bxa4 17. Rxa4 Nc6 18. exd6 cxd6 19. Nd5 Ne5 20. Nxe5 dxe5 21. Bxh6 Rfb8 {1-0 Rohwer,P (2225)-Dias,J (1848) Titled Tue 28th May Late 2024 (6)}) 7... h6 ({RR} 7... a6 8. Bxc6 bxc6 9. d4 Nd7 10. dxe5 Nxe5 11. Nxe5 dxe5 12. Be3 f5 13. Qxd8 Rxd8 14. exf5 Bxf5 15. Nd2 Bxc2 16. Rec1 Bd3 17. Rxc6 Bd6 18. f3 Rab8 19. b3 Bb5 20. Rc2 Bd3 21. Rc6 Bb5 22. Rc2 {½-½ Harikrishna,P (2729)-Naiditsch,A (2736) HUN-chT 1819 2018 (7.1)}) 8. Be3 $146 ({RR} 8. c3 a6 9. Ba4 b5 10. Bc2 Bb7 11. Nbd2 Nb8 12. Nf1 Nh7 13. Ne3 Ng5 14. Nf5 Nxf3+ 15. Qxf3 Bg5 16. Qg3 Qf6 17. f4 Bxf4 18. Bxf4 exf4 19. Qxf4 Nd7 20. d4 Rae8 21. h4 Kh8 22. Re3 Rg8 {1-0 Mrityunjay,K (1530)-Bala,G (1416) Madurai Athens of the East op-C 1st 2019 (9)}) ({RR} 8. c3 a6 9. Ba4 b5 10. Bc2 Bb7 11. d4 exd4 12. Nxd4 Nxd4 13. cxd4 d5 14. e5 Ne4 15. Nc3 c5 16. Nxe4 dxe4 17. Bxe4 Bxe4 18. Rxe4 Qd5 19. Rg4 h5 20. Rg3 Bh4 21. Rd3 g6 22. Be3 cxd4 {1-0 Kilic,E (2422)-Pace,C (2053) Titled Tuesday intern op 12th Jul Late blitz 2022 (1)}) 8... Na5 9. c3 c6 10. Ba4 b5 11. Bc2 Be6 12. Nbd2 c5 13. Nf1 Nc6 14. Ng3 Nh7 15. d4 cxd4 16. cxd4 exd4 17. Nxd4 Nxd4 18. Bxd4 Bf6 19. b3 Be5 20. Bxe5 dxe5 21. Qe2 Qb6 22. Nf5 Nf6 23. Rac1 Rad8 24. Qf3 Rfe8 25. Nxh6+ Kh7 26. Nf5 Rh8 27. Qg3 Bxf5 28. exf5 Nd7 29. f6+ g6 30. h4 Qxf6 31. h5 Rhe8 32. Re3 Nf8 33. Rf3 Qd6 34. Rxf7+ Kg8 35. Bxg6 Kh8 36. Qg5 Kg8 37. Qh6 Qf6 38. Rxf8+ 1-0

[Event "45th Olympiad 2024"]
[Site "Budapest HUN"]
[Date "2024.09.20"]
[Round "9.73"]
[Board "1"]
[White "Gabriel, Sixtus"]
[Black "Yeung, Jason"]
[Result "0-1"]
[WhiteElo "1800"]
[BlackElo "1993"]
[PlyCount "97"]
[EventDate "2024.09.11"]
[WhiteTeam "Saint Lucia"]
[BlackTeam "Suriname"]
[BlackTeamCountry "SUR"]

1. d4 d5 2. Nf3 Nf6 3. Bf4 Bf5 4. e3 e6 5. c3 Bd6 6. Bg3 Ne4 7. Nbd2 ({RR} 7. Bxd6 Qxd6 8. Nbd2 O-O 9. Nh4 Nd7 10. Nxf5 exf5 11. Be2 c5 12. O-O cxd4 13. cxd4 Rfc8 14. Nxe4 fxe4 15. h3 h6 16. Qb3 Nb6 17. a4 a5 18. Bg4 Rc7 19. Rfc1 Rxc1+ 20. Rxc1 Qb4 21. Bd1 Qxb3 {1-0 Lopes,M (1297)-Mamede,M 10th Floripa Open 2024 (7.159)}) 7... O-O 8. Nxe4 Bxe4 9. Bd3 f5 $146 ({RR} 9... Bxd3 10. Qxd3 c6 11. e4 c5 12. exd5 exd5 13. O-O Bxg3 14. fxg3 cxd4 15. Nxd4 Nc6 16. Rad1 Qa5 17. a3 Ne5 18. Qb5 Qc7 19. Qb3 Nc4 20. Rf3 Rfe8 21. Qa2 Qc5 22. b3 Ne3 23. Rc1 Re4 24. Qd2 {½-½ Zupec,N (1663)-Markoja,U (1505) SLO-ch U16 Murska Sobota 2006 (9)}) 10. O-O Bxg3 11. hxg3 Nd7 12. Be2 Bxf3 13. gxf3 c5 14. c4 cxd4 15. Qxd4 Qb6 16. cxd5 Qxd4 17. exd4 exd5 18. Rac1 Rac8 19. Bd3 g6 20. Rfe1 Kf7 21. Bb5 Nf6 22. b4 a6 23. Bd3 Rfe8 24. Kg2 Rxe1 25. Rxc8 Rd1 26. Bc2 Rxd4 27. Rc7+ Ke6 28. Rxb7 g5 29. Rb6+ Ke5 30. Kf1 Rd2 31. Bb3 Rd4 32. Ke2 h5 33. a3 h4 34. f4+ gxf4 35. gxh4 f3+ 36. Ke1 Rxh4 37. Bd1 Rh1+ 38. Kd2 Ne4+ 39. Kc2 Rf1 40. Rxa6 Rxf2+ 41. Kb3 Rf1 42. Bc2 f2 43. Bd3 Rc1 44. Kb2 Rd1 45. Bb5 Nd6 46. Kb3 Nxb5 47. Ka4 f1=Q 48. Re6+ Kxe6 49. Kb3 0-1

[Event "45th Olympiad 2024"]
[Site "Budapest HUN"]
[Date "2024.09.20"]
[Round "9.73"]
[Board "2"]
[White "Kalidjo, Imaan"]
[Black "James, Justin"]
[Result "1-0"]
[WhiteElo "1934"]
[BlackElo "1745"]
[PlyCount "81"]
[EventDate "2024.09.11"]
[WhiteTeam "Suriname"]
[BlackTeam "Saint Lucia"]
[WhiteTeamCountry "SUR"]

1. c4 c6 2. d4 d5 3. Nc3 Nf6 4. Nf3 e6 5. Bg5 Be7 6. e3 Nbd7 7. Bd3 dxc4 8. Bxc4 b5 9. Bd3 Bb7 10. O-O O-O 11. Rc1 a6 12. Bxf6 Bxf6 13. Qc2 h6 14. Ne4 ({RR} 14. Rfd1 Re8 15. e4 Qc7 16. b4 Be7 17. Qb3 Qd6 18. a3 e5 19. Bb1 Qf6 20. Ba2 exd4 21. Rxd4 Nf8 22. e5 Qg6 23. Bb1 Qe6 24. Qc2 c5 25. Ba2 Qg6 26. e6 fxe6 27. Qxg6 Nxg6 28. Bxe6+ Kh8 {1-0 Glavinac,G (2034)-Mantazis,G (1789) Skopje Open 2023 (8.50)}) 14... Be7 15. Rfd1 Rc8 16. Ne5 $146 ({RR} 16. Nc5 Nxc5 17. dxc5 Qc7 18. b4 a5 19. a3 a4 20. Rd2 Rcd8 21. Rcd1 Bc8 22. e4 e5 23. Qc3 Bg4 24. Be2 Rxd2 25. Rxd2 Bxf3 26. Bxf3 Rd8 27. Bg4 Bf6 28. Kf1 Kf8 29. Ke2 Ke7 30. g3 Rxd2+ {1-0 Nieminen,S (2023)-Olander,A (1837) Naantali Summer op 2009 (9)}) 16... Kh8 17. Nxd7 Qxd7 18. Nc5 Bxc5 19. Qxc5 Rfd8 20. Be4 Kg8 21. Rc2 Qd6 22. Qa7 Rc7 23. f4 Rdd7 24. Rdc1 g6 25. Rc5 Kg7 26. Qb6 Qe7 27. Qa5 Rd6 28. Qc3 Qf6 29. g4 Kg8 30. g5 hxg5 31. fxg5 Qg7 32. Rf1 Qh7 33. Qe1 Kf8 34. Qg3 Ke7 35. Rf6 Qh8 36. Rc1 Rcd7 37. Rcf1 Qg7 38. Qe5 Kd8 39. Qf4 Qh8 40. Rxf7 Rxf7 41. Qxd6+ 1-0

[Event "45th Olympiad 2024"]
[Site "Budapest HUN"]
[Date "2024.09.20"]
[Round "9.73"]
[Board "3"]
[White "Elizee, Kaieem"]
[Black "Chashawa, Shaief"]
[Result "1/2-1/2"]
[WhiteElo "1701"]
[BlackElo "1825"]
[PlyCount "155"]
[EventDate "2024.09.11"]
[WhiteTeam "Saint Lucia"]
[BlackTeam "Suriname"]
[BlackTeamCountry "SUR"]

1. d4 Nf6 2. c4 g6 3. Nc3 d5 4. cxd5 Nxd5 5. e4 Nxc3 6. bxc3 Bg7 7. Be3 c5 8. Rc1 Qa5 9. Qd2 cxd4 10. cxd4 Qxd2+ 11. Kxd2 O-O 12. Nf3 ({RR} 12. Bd3 Rd8 13. Ne2 Nc6 14. Rc4 f5 15. exf5 Bxf5 16. Bxf5 gxf5 17. Rb1 Rd7 18. Ke1 Rad8 19. Kf1 Kf7 20. Rc5 e6 21. g3 Ne7 22. Rbc1 Nd5 23. Ng1 Rd6 24. Nf3 Ra6 25. R1c2 h6 26. Kg2 Ra4 {½-½ Aronian,L (2783)-Mamedyarov,S (2756) Olympiad-39 Khanty-Mansiysk 2010 (7.1)}) ({RR} 12. d5 f5 13. f3 Nd7 14. Bc4 Kh8 15. Ne2 Ne5 16. Bb3 fxe4 17. fxe4 Ng4 18. Bc5 Bh6+ 19. Kc2 Bxc1 20. Nxc1 Bd7 21. h3 Rac8 22. hxg4 Rxc5+ 23. Kd3 Bxg4 24. Re1 Rfc8 25. e5 Rxc1 {0-1 Oliveira,T (1991)-Einarsson,H (2216) Titled Tue 21st Mar Late 2023 (9)}) 12... Nc6 13. Be2 Rd8 $146 ({RR} 13... f5 14. d5 Rd8 15. Bd3 fxe4 16. Bxe4 e6 17. Bg5 Rd7 18. Rhd1 exd5 19. Bc2 h6 20. Bh4 g5 21. Bg3 Rd8 22. Ke1 Be6 23. Bb3 Rac8 24. h3 Bf7 25. h4 g4 26. Nh2 h5 27. Nf1 Re8+ 28. Ne3 {0-1 Cordioli,J (1899)-Wilberger,M (1644) Curitiba IEP&Copel op 2017 (5)}) 14. Rc4 Bg4 15. d5 e6 16. Nd4 Bxe2 17. Kxe2 exd5 18. exd5 Nxd4+ 19. Bxd4 Rxd5 20. Bxg7 Kxg7 21. Rc7 Re8+ 22. Kf3 Rf5+ 23. Kg3 Re2 24. Rf1 Rxa2 25. Rxb7 Ra3+ 26. f3 Rg5+ 27. Kh3 Ra2 28. g4 a6 29. Re1 Rb5 30. Ree7 Rxb7 31. Rxb7 Re2 32. Ra7 Re6 33. Kg3 g5 34. h4 h6 35. hxg5 hxg5 36. f4 gxf4+ 37. Kxf4 Rb6 38. Ra8 Rb4+ 39. Kf3 Ra4 40. Kg3 Ra1 41. Kf4 a5 42. Kg3 a4 43. Ra5 a3 44. Kg2 a2 45. Kh2 Kf6 46. Kg2 Ke6 47. Kh2 Kd6 48. Kg2 Kc6 49. Ra8 Kb5 50. Rb8+ Kc4 51. Ra8 Kb3 52. Rb8+ Kc3 53. Rc8+ Kd3 54. Ra8 Ke4 55. Ra4+ Ke5 56. Kh2 Kf6 57. Kg2 Kg5 58. Kh2 Rf1 59. Rxa2 Kxg4 60. Kg2 Rf4 61. Ra8 Rb4 62. Kf2 Kf4 63. Ra3 Rb2+ 64. Kf1 f5 65. Ra4+ Kg3 66. Ra3+ Kg4 67. Ra4+ f4 68. Ra3 Rh2 69. Rc3 Rh3 70. Rc8 Re3 71. Kf2 Re6 72. Rg8+ Kf5 73. Rf8+ Ke4 74. Ra8 Rb6 75. Re8+ Kf5 76. Rf8+ Rf6 77. Ra8 Kg5 78. Kf3 1/2-1/2

[Event "45th Olympiad 2024"]
[Site "Budapest HUN"]
[Date "2024.09.20"]
[Round "9.73"]
[Board "4"]
[White "Kalka, Shiva"]
[Black "Daniel, Cyrus"]
[Result "1-0"]
[WhiteElo "1849"]
[BlackElo "1759"]
[PlyCount "83"]
[EventDate "2024.09.11"]
[WhiteTeam "Suriname"]
[BlackTeam "Saint Lucia"]
[WhiteTeamCountry "SUR"]

1. e4 e5 2. Nf3 Nc6 3. d4 exd4 4. Bc4 Bc5 5. c3 Nf6 6. e5 d5 7. Bb5 Ne4 8. cxd4 Bb6 9. h3 O-O 10. O-O f5 ({RR} 10... f6 11. Bxc6 bxc6 12. Be3 f5 13. Qc1 f4 14. Bxf4 c5 15. dxc5 Nxc5 16. Be3 Nd3 17. Qd1 Ba6 18. Nc3 d4 19. Bg5 Qe8 20. Nd5 Kh8 21. Nxb6 axb6 22. Nxd4 Qxe5 23. Qg4 Rae8 24. Be3 Nxb2 25. Nf3 {1-0 Jobava,B (2707)-Kramnik,V (2808) Leuven GCT blitz 2017 (14)}) ({RR} 10... f6 11. Nc3 Nxc3 12. bxc3 fxe5 13. Bxc6 bxc6 14. Nxe5 c5 15. Ba3 Qf6 16. Ng4 Bxg4 17. Qxg4 Rfe8 18. dxc5 Re4 19. Qd7 Rd8 20. Qb5 c6 21. Qa6 Bc7 22. Rae1 Qe5 23. g3 Rxe1 {0-1 Viskelis,D (2181)-Gomez,C (2345) Titled Tue 5th Mar Early 2024 (7)}) 11. Bxc6 $146 ({RR} 11. Nc3 a6 12. Ba4 Ne7 13. Bb3 c6 14. Nxe4 fxe4 15. Ng5 Bf5 16. g4 h6 17. gxf5 hxg5 18. Bxg5 Rxf5 19. Qg4 Rxg5 20. Qxg5 Bxd4 21. Rae1 Kf8 22. Qf4+ Ke8 23. e6 Bf6 24. Bd1 Qb8 25. Bh5+ Kd8 {½-½ Gikas,A (2158)-Graf,P (1952) Mittelrhein Regionalliga 18/19 2018 (6.4)}) ({RR} 11. Nc3 h6 12. a3 Be6 13. Na4 f4 14. Re1 Ng5 15. Nxb6 axb6 16. Bxc6 bxc6 17. Nxg5 Qxg5 18. Qf3 c5 19. dxc5 bxc5 20. Bd2 c4 21. Bb4 Rf5 22. Rac1 Rc8 23. Rcd1 c5 24. Bd2 Rb8 25. Rb1 Rb3 {0-1 Kazi Zarin,T (1816)-Mohammad,J (2070) Dhaka Marcel op 2022 (2)}) 11... bxc6 12. a4 a5 13. Nc3 Ba6 14. Re1 h6 15. h4 Qe8 16. Bf4 Kh7 17. g3 Rg8 18. Kg2 Rb8 19. Rh1 Ba7 20. Rb1 Rb4 21. e6 Qb8 22. Nxe4 dxe4 23. Ng5+ Kg6 24. h5+ Kf6 25. Be5+ Ke7 26. Nh3 Bd3 27. Rc1 Bxd4 28. Bxd4 Rxd4 29. Rxc6 e3 30. Kh2 Rgd8 31. Qc1 exf2 32. Rxc7+ Kf6 33. e7 Re8 34. Qc3 Qb4 35. Nxf2 Be4 36. Nxe4+ fxe4 37. Rf1+ Ke6 38. Qc6+ Qd6 39. Qxe8 Rd2+ 40. Kh3 Qxc7 41. Qf7+ Kd6 42. e8=N+ 1-0

[Event "45th Olympiad 2024"]
[Site "Budapest HUN"]
[Date "2024.09.20"]
[Round "9.74"]
[Board "1"]
[White "Al Maashani, Amer"]
[Black "Celis, Joel"]
[Result "1-0"]
[WhiteElo "1979"]
[BlackElo "1929"]
[PlyCount "89"]
[EventDate "2024.09.11"]
[WhiteTeam "Oman"]
[BlackTeam "Macau, China"]
[WhiteTeamCountry "OMN"]

1. e4 c5 2. Nc3 Nc6 3. f4 g6 4. Nf3 Bg7 5. a3 d6 6. Bc4 Nf6 7. d3 O-O 8. O-O Be6 $146 ({RR} 8... e6 9. Ba2 d5 10. Ne5 Nd4 11. Be3 b6 12. b4 dxe4 13. dxe4 Bb7 14. bxc5 bxc5 15. Re1 Qc7 16. Qc1 Rfd8 17. Rb1 a6 18. Bd2 Rab8 19. a4 Kh8 20. Bc4 Ne8 21. Bf1 Nd6 22. Nc4 Nxc4 23. Bxc4 {½-½ Bohosjan,S-Popov,L BUL-ch25 Sofia 1972 (17)}) ({RR} 8... Bg4 9. h3 Bxf3 10. Qxf3 Rb8 11. Ne2 b5 12. Ba2 Nd7 13. c3 b4 14. axb4 cxb4 15. Bd5 Na5 16. cxb4 Rxb4 17. Bd2 Rb5 18. b4 Bxa1 19. Rxa1 Rxd5 20. exd5 Nb3 21. Ra2 Nxd2 22. Rxd2 Qb6+ 23. Qf2 {0-1 Al Modiahki,M (2563)-Nielsen,P (2638) Mainz Ordix op 14th rapid 2007 (11)}) ({RR} 8... Bg4 9. h3 Bxf3 10. Qxf3 Nd4 11. Qf2 a6 12. Ba2 b5 13. Be3 Nd7 14. f5 Kh8 15. Nd5 Nc6 16. Qh4 Kg8 17. Bg5 Nf6 18. fxg6 hxg6 19. Rxf6 Nd4 20. Rxg6 {1-0 Sevgi,V (2332)-Bassari,S (1768) Satranc Arena IM Chess 5 2024 (9.1)}) ({RR} 8... e6 9. Ba2 Rb8 10. f5 exf5 11. Qe1 Nd4 12. Qh4 Be6 13. Bg5 Bxa2 14. Rxa2 h6 15. Bxh6 Nxf3+ 16. gxf3 Bxh6 17. Qxh6 Qd7 18. Qg5 Nh7 19. Qg3 Rbd8 20. Raa1 Kg7 21. Nd5 Nf6 22. Ne3 fxe4 23. fxe4 {1-0 Espig,L (2470)-Ghitescu,T (2450) Lodz Makarczyk Memorial-01 1978 (8)}) ({RR} 8... Nd4 9. Nxd4 cxd4 10. Nd5 e6 11. Nxf6+ Bxf6 12. Bb3 Bd7 13. Bd2 Bc6 14. f5 Qe7 15. Bh6 Rfe8 16. fxe6 fxe6 17. Qg4 Bd7 18. Rf3 Kh8 19. Raf1 e5 20. Qxd7 Qxd7 21. Rxf6 Qg4 22. Rf7 Rg8 23. Rxb7 {1-0 Lazarevic,M (2250)-Ivanisevic,D (2100) YUG-ch34 (Women) 1981 (5)}) 9. Nd5 Bxd5 10. exd5 Nd4 11. c3 Nxf3+ 12. Qxf3 Qd7 13. a4 a6 14. a5 Qg4 15. Qxg4 Nxg4 16. Re1 Rfe8 17. h3 Nh6 18. g4 Rab8 19. Ra3 Kf8 20. Rb3 Rec8 21. Rb6 f6 22. Kg2 Nf7 23. h4 h6 24. Kg3 g5 25. Rf1 Kg8 26. Bd2 Kh7 27. Bb3 gxf4+ 28. Bxf4 h5 29. Re1 Rc7 30. Bc2 Bh6 31. d4+ Kg7 32. Bxh6+ Kxh6 33. dxc5 hxg4 34. c6 Ne5 35. Re4 e6 36. Reb4 exd5 37. Rxb7 Rcxb7 38. Rxb7 Rxb7 39. cxb7 Nd7 40. Kxg4 Nb8 41. b4 Nd7 42. Bd3 Nb8 43. b5 axb5 44. Bxb5 Kg6 45. a6 1-0